Nonnullae de religione et politica theses in Gaditano S.P.N. Francisci Coenobio publico certamen deffendendae a PP. Fr. Josepho Sanchez, Fr. Didaco Quiros, Fr. Andrea Gonzalez, Fr. Georgio Diez, / (Record no. 160754)
[ view plain ]
| 000 -LEADER | |
|---|---|
| campo de control de longitud fija | 01134nam a2200217 i 4500 |
| 001 - NÚMERO DE CONTROL | |
| campo de control | 160754 |
| 003 - IDENTIFICADOR DE NÚMERO DE CONTROL | |
| campo de control | ES-MaACL |
| 005 - FECHA Y HORA DE LA ÚLTIMA TRANSACCIÓN | |
| campo de control | 20250729062630.0 |
| 008 - DATOS DE LONGITUD FIJA--INFORMACIÓN GENERAL | |
| campo de control de longitud fija | 931025q1826 sp |||| | spa d |
| 245 00 - MENCIÓN DEL TÍTULO | |
| Título | Nonnullae de religione et politica theses in Gaditano S.P.N. Francisci Coenobio publico certamen deffendendae a PP. Fr. Josepho Sanchez, Fr. Didaco Quiros, Fr. Andrea Gonzalez, Fr. Georgio Diez, / |
| Mención de responsabilidad, etc. | quibus suffragabitur P. Fr. Josephus Maria Laso de la Vega... |
| 260 ## - PUBLICACIÓN, DISTRIBUCIÓN, ETC. | |
| Lugar de publicación, distribución, etc. | Hispali : |
| Nombre del editor, distribuidor, etc. | Typis Regiis, |
| Fecha de publicación, distribución, etc. | [1826?] |
| 300 ## - DESCRIPCIÓN FÍSICA | |
| Extensión | 24 p. ; |
| Dimensiones | 20 cm. |
| 500 #1 - NOTA GENERAL | |
| Nota general | Según datos manuscritos en la portada las tesis fueron defendidas en distintos dias de los meses de enero a marzo de 1826. |
| 530 ## - NOTA DISPONIBLE DE FORMULARIO FÍSICO ADICIONAL | |
| Nota de formato físico adicional disponible | Disponible en formato digital. |
| 650 07 - PUNTO DE ACCESO ADICIONAL DE MATERIA--TÉRMINO DE MATERIA | |
| Término de materia o nombre geográfico como elemento de entrada | Religión |
| Fuente del encabezamiento o término | embne |
| 9 (RLIN) | 16797 |
| 650 #7 - PUNTO DE ACCESO ADICIONAL DE MATERIA--TÉRMINO DE MATERIA | |
| Término de materia o nombre geográfico como elemento de entrada | Política |
| Fuente del encabezamiento o término | embne |
| 9 (RLIN) | 140345 |
| 700 1# - ENTRADA AGREGADA--NOMBRE PERSONAL | |
| Nombre de persona | Laso de la Vega, José María. |
| 9 (RLIN) | 70453 |
| 852 ## - LOCALIZACIÓN | |
| Ubicación | ES-MaACL |
| Número de control de estantería | R-3093(6) |
| Nota libre | -- Enc. hol., falto de la enc. original |
| -- | -- Enc. en un vol. facticio |
| Encuadernación | -- Olim: T-132-F |
| 856 ## - LOCALIZACIÓN Y ACCESO ELECTRÓNICOS | |
| Identificador Uniforme de Recursos | <a href="http://bdh-rd.bne.es/viewer.vm?id=0000146769&page=1 ">http://bdh-rd.bne.es/viewer.vm?id=0000146769&page=1 </a> |
| Nota pública | Biblioteca Digital Hispánica |
| Estatus retirado | Estado de pérdida | Estado de daño | No para préstamo | Colección | Biblioteca de origen | Biblioteca actual | Ubicación en estantería | Fecha de adquisición | Fuente de adquisición | Total de préstamos | Signatura topográfica completa | Código de barras | Visto por última vez | Precio de reemplazo | Tipo de ítem Koha |
|---|---|---|---|---|---|---|---|---|---|---|---|---|---|---|---|
| Colección digital | Biblioteca del Ateneo de Madrid | Biblioteca del Ateneo de Madrid | Depósito | 17/01/2008 | R-3093(6) | 1168339 | 23/02/2023 | 23/02/2023 | Libro impreso antiguo |
